000
00299nam a2200109Ia 4500
001
1261703
005
20260417140357.0
008
260417s9999 xx 000 0 und d
020
_a
9786051857381
245
0
_a
Arıburnu 1915 - Çanakkale Savaşı’ndan
_c
Haluk Oral
260
_b
Everest Yayınları
999
_c
1261703
_d
1261703